The idea of the university /
Guardado en:
| Autor Principal: | |
|---|---|
| Otros Autores: | |
| Formato: | Libro |
| Publicado: |
Amsterdan :
Rodopi,
1997
|
| Materias: | |
| Etiquetas: |
Agregar Etiqueta
Sin Etiquetas, Sea el primero en etiquetar este registro!
|
| LEADER | 00531nam a22001695a 4500 | ||
|---|---|---|---|
| 001 | EHU.bham024217 | ||
| 003 | AR-BHAM | ||
| 005 | 20130507140352.0 | ||
| 008 | 130507s1997##################000#0#####d | ||
| 082 | 3 | 7 | |a 378 |
| 100 | 1 | |a Brzezinski, Jerzy Bra, Gerardo | |
| 245 | 1 | 0 | |a The idea of the university / |c Jerzy Bra, Gerardo Brzezinski , Leszek Nowak , |
| 260 | |a Amsterdan : |b Rodopi, |c 1997 | ||
| 300 | |a 221 p. | ||
| 653 | |a Universidad-historia de la | ||
| 700 | 1 | |a Nowak, Leszek | |
| 859 | |a AR-BHAM |b BIB. HUMANIDADES - General |h 378 |i B849 |p 722.01 |t Ej.1 | ||
